00946nam a2200217 a 4500001001000000003000500010005001700015008004100032010001100073011001100084040000900095100003800104245024400142260004100386500006000427502006900487650003200556650003500588650003500623856007000658000109140CHAP20220329144039.0140407s2013 mx | |sm |||||||spa|d a105602 a106574 cCHAP1 aTomas Mayorquín, Carlos Eduardo10aEstimación de biomasa y carbono mediante ecuaciones alométricas en Quercus laurina Humb y Qercus rugosa Née en predios bajo manejo del ejido de San Pablo Ixayoc, Estado de Méxicoh[En línea]cpor Carlos Eduardo Tomas Mayorquín. aChapingo, Méx. :bEl autor,c2013. aPara ver el contenido del material haga clic en la liga aTesis (Ing. Forestal) -- UACH. División de Ciencias Forestales14aCarbonoxEfecto en plantas.14aQuercus laurina HumbxBiomasa.14aQuercus rugosa NéexBiomasa. aFinding aiduhttp://10.13.5.2/tesis/sist109140.pdfzTeclea aquí